Bahasa Arab

Bibliographic Details
Format: Book
Published: Kuala Lumpur : Utusan Publications , 2006
Series:PMR (KBSM) koleksi soalan peperiksaan sebenar 2003-2005
Subjects:

MARC

LEADER 00000cam a2200000 7i4500
001 0000030654
005 20110217.0
008 110217
020 |a 9676118257 
090 0 0 |a 492.782076   |b BAH 
245 1 0 |a Bahasa Arab 
260 |a Kuala Lumpur :   |b Utusan Publications ,   |c 2006 
440 |a PMR (KBSM) koleksi soalan peperiksaan sebenar 2003-2005 
500 |a Jawapan disediakan oleh Shairazi Mohamed 
650 0 |a Arabic language   |x problem exercises, etc. 
999 |a 0001028888   |b Book   |c REFERENCE   |e Perbadanan Perpustakaan Awam Johor 
999 |a 0001028889   |b Book   |c REFERENCE   |e Perbadanan Perpustakaan Awam Johor 
999 |a 0001028890   |b Book   |c REFERENCE   |e Perbadanan Perpustakaan Awam Johor 
999 |a 0001028891   |b Book   |c REFERENCE   |e Perbadanan Perpustakaan Awam Johor 
999 |a 0001028892   |b Book   |c REFERENCE   |e Perbadanan Perpustakaan Awam Johor